Quizzes
Events
Quiz Creation
Community
Videos
Private Events
Remove Ads
Sign In
Join for FREE
Feedback
Dark Mode
Quiz Categories
Sports
Geography
Music
Movies
Television
Just For Fun
Miscellaneous
History
Literature
Language
Science
Gaming
Entertainment
Religion
Holiday
For Kids
Quiz Lab
Recent
Popular Today
Quiz Kudos Today
Editor Picks
Curator Picks
Quizzes by...
Day
Popularity
Type
Ratings
Length
Year
Community
Subscriptions
Recent Discussions
Orange Saloon
Badges
Playlists
Quests
Create
Leaderboards
Showdown
Live 5
Trivia Bingo
Activity
Puzzle Library
Sporcle Events
Private Events
Virtual Trivia
Globe League
Become a Host
Pub Owners
SporcleCon
Opinionation
Our Games
Videos
Blog
Mobile Apps
Partnerships
Remove Ads and Go Orange
Feedback
Literature
Harry Potter
A Song of Ice and Fire
The Hunger Games
Literary Character
Shakespeare
Book
Author
Novel
Poem
Young Adult
Children's Books
Play
Lord of the Rings
Literature
Harry Potter
A Song of Ice and Fire
The Hunger Games
Literary Character
Shakespeare
Book
Author
Novel
Poem
Young Adult
Children's Books
Play
Lord of the Rings
Random Quiz
Search Sporcle
×
Quiz Lab
Quiz Lab
Literature
student
Type in answers that appear in a list
Type in answers that appear in a list
Classic
Best Score? Go Orange.
Romeo and Juliet Trivial Pursuit Stats
Can you name the Romeo and Juliet?
By
Liz14
2m
10 Questions
1,412 Plays
1,412 Plays
1,412 Plays
Comments
Comments
Give Quiz Kudos
Give Quiz Kudos
-
- Ratings
hide this ad
Replay
Link that replays current quiz
Next Quiz
Link to next quiz in quiz playlist
You Got
0%
They Got
Avg Score
64%
Avg Friend Score
Upgrade to see
Score Distribution
Jump to the score distribution portion of the page
Score
0/10
Timer
02:00
0
Plays Today
Question
Answer
% Correct
Who kills Mercutio?
Tybalt
93.7%
Where does the story take place?
Verona
86.5%
Who is at Juliet's coffin when Romeo arrives?
Paris
80.7%
What character persuades Romeo to attend the Feast?
Benvolio
73.1%
Who discovers Juliet after she takes Friar Lawrence's potion?
Nurse
71.8%
Where do Romeo and Juliet first see each other?
Party
62%
What city does Romeo go after being exiled from Verona?
Mantua
61.1%
Who wanted a gold statue to be built in Verona?
Montague
54.3%
What verse is the Romeo and Juliet play written in?
Iambic Pentameter
42.5%
How many hours does Juliet's Potion keep her asleep?
42 Hours
23.7%
Quiz Playlist
Details
Report
Send in Message
Add To Playlist
Classic:
Type in answers that appear in a list
Last Updated: Feb 16, 2017
Quiz Scoreboard
CHALLENGE
Sign Up to Join the Scoreboard
Show All
Scores
Hide
Comments
May contain spoilers
Recently Published
Popular People in 1961
by mucciniale
History
6m
1-10 Letter E Words III
by El_Dandy
Language
2m
One Thing in Common: World Cities II
by knightlancer
Geography
7m
More to Explore
Quiz From the Vault
Featured Blog Post
Where Did the Easter Bunny Come From?
hide this ad
You Might Also Like...
Tags
juliet
pursuit
romeo
student
Today's Top Quizzes in Literature
Browse Literature
hide this ad
Today's Top Quizzes in student
Browse student
Top Contributed Quizzes in Literature
1
Sneaky Slytherin Logic Puzzle
2
Get The Picture: Black or White Literature
3
One Thing in Common: Literature
4
Weasley Family Reunion: Logic Puzzle
5
Lily Potter Start to Finish
6
ASOIAF Logic Puzzle [Difficult] [Read Note first!!]
7
James Potter Start to Finish
8
One piece logic quiz 3 (Hard difficulty)
9
Dobby's Dilemma: Logic Puzzle
10
Keeper of the Lost Cities Logic Puzzle
Explore More
Trending Topics
Crossword
Disney
Harry Potter
Anime
Marvel
NBA
Kpop
Pokémon
NFL
Puzzle
Song
WWE
The Office
Soccer
Country
hide this ad
More By:
Liz14
Quiz
Plays
Rating
Category
Featured
Created
Romeo and Juliet Trivial Pursuit
1,412
2.50
Literature
Nov 18, 2009
Romeo and Juliet Quiz
143
1.00
Just For Fun
Nov 18, 2009
Go to Creator's Profile
Score Distribution
Quiz Creator Spotlight
Liz14
Follow
Send a Message
Quizzes Created
-
Created Quiz Play Count
-
More By This Creator
Popular Quizzes Today
1
Find the US States - No Outlines Minefield
2
The Countries of the World
3
Popular People in 1961
4
Find the Countries of Europe - No Outlines Minefield
5
1-10 Letter E Words III
6
Find the US States
7
One Thing in Common: World Cities II
8
US States
More Literature Quizzes
‘1984’ Start to Finish
Quiz Lab
Trending Quizzes
1-10 Letter F Words
One Thing in Common: Music
1-10 Letter G Words
Risky Map Clicking: Next State Alphabetically
1-10 Letter F Words II
Recently Updated
Leaping Animals
pecheneg
Reality TV Shows (A-Z)
bhenderson79
Rickey Henderson's Hall of Fame Teammates
pecheneg
Champions League XIs: Arsenal
pecheneg
Quick Pick: Celebrities in WWE's Hall of Fame
aduchscher
A-Z Keypad Blitz II
pecheneg
Multiple Oscar Actors
pecheneg
Mystery Phrase Blitz: Oscar 'Best Actors'
pecheneg
F. Scott Fitzgerald Novels
LTH
Pick 3 Villains
ddd62291
Trending Topics
Anime
NBA
Disney
Marvel
Kpop
Crossword
Harry Potter
Puzzle
Country
Song
WWE
NFL
Pokémon
The Office
Soccer
Your Account Isn't Verified!
In order to create a playlist on Sporcle, you need to verify the email address you used during registration. Go to your
Sporcle Settings
to finish the process.
Report this User
Report this user for behavior that violates our
Community Guidelines
.
Details:
Send Report
Go to the Sporcle.com Mobile Site →
Comments